[Event "ROM-ch U12"]
[Site "Calimanesti Caciulata"]
[Date "2019.04.20"]
[Round "7"]
[White "Cazacu, Ciprian Andrei"]
[Black "Bilcu, Marco Octavian"]
[Result "1/2-1/2"]
[WhiteElo "1050"]
[BlackElo "1267"]
[PlyCount "53"]
[EventDate "2019.04.15"]
[EventType "swiss"]
[EventRounds "9"]
[EventCountry "ROU"]
[SourceTitle "CBM 190 Extra"]
[Source "ChessBase"]
[SourceDate "2019.07.15"]
[SourceVersion "1"]
[SourceVersionDate "2019.07.15"]
[SourceQuality "1"]

1. e4 c5 2. c3 e6 3. d3 Nc6 4. Be3 Nf6 5. Nf3 Be7 6. Nbd2 0-0 7. Be2 d6 8. 0-0 Bd7 9. d4 cxd4 10. cxd4 Rc8 11. Rc1 h6 12. Bd3 a6 13. Re1 Re8 14. Nb3 Nb4 15. Bb1 Rxc1 16. Qxc1 Nc6 17. Qc2 e5 18. dxe5 Nxe5 19. Nxe5 dxe5 20. Rd1 Qc8 21. Qd3 Rd8 22. Bb6 Rf8 23. f4 Bb5 24. Qf3 exf4 25. Qxf4 Qe6 26. Be3 Bd8 27. e5 1/2-1/2